000 01579nam a2200349 a 4500
001 00003800
003 DO-SdBNP
005 20160519114857.0
007 00003800
008 150130s2013 dr acd 000 0 spa d
020 _a9789945174717
040 _aBPMSU
_bspa
_cBPMSU
092 _a373.83
_bC569s 2do. 2013
245 0 0 _aCiencias sociales 2 :
_beducación media /
_ccolaboración María Dolores Luque... [et.al.] ; edición Marcos Reynoso
260 _aSanto Domingo :
_bSM,
_c2013
300 _a287 p. :
_bil., retrs., mapas ;
_c29 cm. +
_eCD-ROM
490 1 _aProyecto Sé
505 0 _tUnidad 1.
_tLa formación de América --
_tUnidad 2 .
_tLas maravillas naturales del continente --
_tUnidad 3 .
_tLos pobladores de América --
_tUnidad 4 .
_tEncuentro del viejo y nuevo mundo --
_tUnidad 5 .
_tLucha por la libertad --
_tUnidad 6 .
_tAmérica del siglo XX y XXI --
_tUnidad 7 .
_tPoblación sociedad y cultura --
_tUnidad 8 .
_tEconomía y política.
650 4 _aCIENCIAS SOCIALES
_xENSEÑANZA SECUNDARIA
650 4 _aCIENCIAS SOCIALES
_xESTUDIOS Y EJERCICIOS
650 4 _aCIENCIAS SOCIALES
_xLIBROS DE TEXTOS
650 4 _aCIENCIAS SOCIALES
_xEDUCACIÓN SECUNDARIA
650 4 _aEDUCACIÓN SECUNDARIA
_zREPÚBLICA DOMINICANA
700 1 2 _aLuque, María Dolores
_ecolab.
700 1 2 _aReynoso, Marcos,
_eed.
830 0 _aProyecto Sé
910 _aValidado. Control de calidad MFF
942 _2ddc
_cBK
956 _aYLOCKWARD
_b10
_c20150603
_lBND01
_h1156
956 _aVMATEO
_b10
_c20150605
_lBMET02
_h00151
956 _aLOPEREZ
_b10
_c20160330
_l00260
999 _c9441
_d9441